000 00715nam a2200253Ia 4500
003 OSt
005 20220925212545.0
006 a|||||r|||| 00| 0
007 ta
008 220923b |||||||| |||| 00| 0 eng d
037 _cGeneral Book
040 _aRTL
_cRTL
_beng
041 _2eng
_aeng
082 _aY, L5
100 _aFay Brian
_941976
245 0 _aSocial theory and political practice
260 _aLondon
_bAllen and Unwin
_c1975
300 _a123p
_ccm.
490 _aControversies in Sociology. Ed by T B Bottomore and Michael Mulkay.1
500 _aBibliography P 111-16
650 _aEssays Sociology
942 _hY, L5
_cGB
_2CC
999 _c560643
_d560643